[Event "CAN-op"]
[Site "Sackville CAN"]
[Date "2001.07.14"]
[Round "9"]
[White "Caluza, Juni"]
[Black "Wong, Wylon"]
[Result "1-0"]
[WhiteElo "1911"]
[BlackElo "1719"]
[PlyCount "135"]
[GameId "2160767911564308"]
[EventDate "2001.07.07"]
[EventType "swiss"]
[EventRounds "10"]
[EventCountry "CAN"]
[SourceTitle "EXT 2006"]
[Source "ChessBase"]
[SourceDate "2005.11.24"]
[SourceVersion "1"]
[SourceVersionDate "2005.11.24"]
[SourceQuality "1"]

1. d4 f5 2. Bg5 g6 3. c4 Bg7 4. Nc3 Nf6 5. g3 O-O 6. Bg2 Qe8 7. Qb3 c6 8. Nf3 e6 9. d5 Kh8 10. Bf4 Na6 11. Bd6 Rg8 12. Ng5 Bf8 13. Be5 Bg7 14. dxe6 dxe6 15. Bd4 e5 16. Bxe5 h6 17. Nf3 Nc5 18. Qc2 Nfe4 19. Bxg7+ Rxg7 20. b4 Nxc3 21. Qxc3 Ne4 22. Qd4 Be6 23. Rd1 Kh7 24. Ne5 Re7 25. f4 Nf6 26. O-O Nd7 27. Nd3 Nb6 28. Ne5 Nd7 29. e4 Nxe5 30. fxe5 fxe4 31. Bxe4 Bg4 32. Rde1 Rxe5 33. Qxe5 Qxe5 34. Bxg6+ Kxg6 35. Rxe5 a6 36. c5 Rd8 37. Re7 Rd2 38. Rff7 Rxa2 39. Rg7+ Kf6 40. Ref7+ Ke6 41. Rxb7 h5 42. Rg5 Rb2 43. Rb6 Bf3 44. h4 Rg2+ 45. Kf1 Ra2 46. Rg6+ Ke5 47. Rd6 Bd5 48. Rb8 Kd4 49. Re8 Kc4 50. Rb8 Kd4 51. Rh6 Ke3 52. Re8+ Kf3 53. Ke1 Kxg3 54. Re5 Kxh4 55. Rhxh5+ Kg4 56. Rxd5 cxd5 57. Rxd5 Rc2 58. Kd1 Rc4 59. Kd2 Rxb4 60. Kc3 Rb8 61. Rd6 Rc8 62. Kd4 a5 63. Ra6 Kf5 64. Kd5 Rd8+ 65. Kc6 Rc8+ 66. Kb6 Ke6 67. Kb7+ Kd7 68. Rd6+ 1-0

[Event "CAN-op"]
[Site "Sackville CAN"]
[Date "2001.07.14"]
[Round "9"]
[White "Campbell, Jamie"]
[Black "Brun, Jacques L"]
[Result "0-1"]
[WhiteElo "1549"]
[BlackElo "1769"]
[PlyCount "26"]
[GameId "2160767911564309"]
[EventDate "2001.07.07"]
[EventType "swiss"]
[EventRounds "10"]
[EventCountry "CAN"]
[SourceTitle "EXT 2006"]
[Source "ChessBase"]
[SourceDate "2005.11.24"]
[SourceVersion "1"]
[SourceVersionDate "2005.11.24"]
[SourceQuality "1"]

1. Nc3 c5 2. Nf3 Nc6 3. d4 cxd4 4. Nxd4 g6 5. Be3 Bg7 6. Nxc6 bxc6 7. Bd4 Nf6 8. e4 O-O 9. Bc4 e6 10. Qd3 d5 11. exd5 exd5 12. Ba6 Re8+ 13. Ne2 Qa5+ 0-1

[Event "CAN-op"]
[Site "Sackville CAN"]
[Date "2001.07.14"]
[Round "9"]
[White "Candow, John"]
[Black "Keep, Richard"]
[Result "1-0"]
[WhiteElo "1658"]
[BlackElo "1818"]
[PlyCount "57"]
[GameId "2160767911564310"]
[EventDate "2001.07.07"]
[EventType "swiss"]
[EventRounds "10"]
[EventCountry "CAN"]
[SourceTitle "EXT 2006"]
[Source "ChessBase"]
[SourceDate "2005.11.24"]
[SourceVersion "1"]
[SourceVersionDate "2005.11.24"]
[SourceQuality "1"]

1. d4 Nf6 2. c4 e6 3. Nc3 Bb4 4. f3 c5 5. d5 d6 6. e4 e5 7. Qc2 Nbd7 8. Bd3 Nf8 9. Nge2 Ng6 10. O-O O-O 11. a3 Bxc3 12. Qxc3 Nh5 13. b4 b6 14. bxc5 bxc5 15. Bd2 Bd7 16. Rab1 Nf6 17. Rb7 h5 18. Rfb1 h4 19. Bg5 Qc8 20. Qa5 Nh5 21. Qa6 f6 22. Qxd6 Bh3 23. Rc7 Qe8 24. Be3 Bxg2 25. Kxg2 Nhf4+ 26. Nxf4 Nxf4+ 27. Bxf4 Qg6+ 28. Kf2 exf4 29. Rg1 1-0

[Event "CAN-op"]
[Site "Sackville CAN"]
[Date "2001.07.14"]
[Round "9"]
[White "Chang, Martin1"]
[Black "Robertson, Matthew"]
[Result "1/2-1/2"]
[WhiteElo "1829"]
[BlackElo "2032"]
[PlyCount "70"]
[GameId "2160767911564311"]
[EventDate "2001.07.07"]
[EventType "swiss"]
[EventRounds "10"]
[EventCountry "CAN"]
[SourceTitle "EXT 2006"]
[Source "ChessBase"]
[SourceDate "2005.11.24"]
[SourceVersion "1"]
[SourceVersionDate "2005.11.24"]
[SourceQuality "1"]

1. e4 e5 2. Nf3 Nc6 3. Bb5 Bc5 4. O-O Qf6 5. Bxc6 dxc6 6. d3 h6 7. Nbd2 Ne7 8. b3 O-O 9. Nc4 Ng6 10. Be3 Bd4 11. Nxd4 exd4 12. e5 Qh4 13. g3 Qd8 14. Bc1 b5 15. Na5 Nxe5 16. Bf4 Ng6 17. Qf3 Nxf4 18. Qxf4 Qd5 19. Rfe1 Bh3 20. Qe4 Rfe8 21. Qxd5 cxd5 22. Nc6 Kf8 23. Nxd4 Bd7 24. b4 a5 25. a3 Rxe1+ 26. Rxe1 axb4 27. axb4 Ra4 28. c3 Ra3 29. Rc1 Ke7 30. Kg2 Kd6 31. Nf3 Bc6 32. d4 Bd7 33. Ne5 f6 34. Nxd7 Kxd7 35. h4 h5 1/2-1/2

[Event "CAN-op"]
[Site "Sackville CAN"]
[Date "2001.07.14"]
[Round "9"]
[White "Cooke, Mathew G"]
[Black "Tsui, Edwin"]
[Result "0-1"]
[WhiteElo "1708"]
[BlackElo "1879"]
[PlyCount "94"]
[GameId "2160767911564313"]
[EventDate "2001.07.07"]
[EventType "swiss"]
[EventRounds "10"]
[EventCountry "CAN"]
[SourceTitle "EXT 2006"]
[Source "ChessBase"]
[SourceDate "2005.11.24"]
[SourceVersion "1"]
[SourceVersionDate "2005.11.24"]
[SourceQuality "1"]

1. d4 Nf6 2. c4 g6 3. Nf3 Bg7 4. Nc3 O-O 5. e3 d6 6. Be2 Nbd7 7. b3 c5 8. Bb2 Rb8 9. Rb1 a6 10. O-O b6 11. Qc2 Bb7 12. d5 b5 13. cxb5 axb5 14. Bxb5 Nxd5 15. Nxd5 Bxd5 16. Bxg7 Kxg7 17. Be2 Nf6 18. Qc3 h6 19. Rfd1 Bc6 20. Ne1 Kh7 21. Bf3 Bxf3 22. Nxf3 Ne4 23. Qd3 f5 24. Nd2 Nf6 25. Nc4 d5 26. Ne5 Qc7 27. Nf3 e5 28. Qc3 e4 29. Ne1 Ng4 30. g3 Rfd8 31. Ng2 g5 32. h4 Kg6 33. Rd2 Ne5 34. Ne1 Rb6 35. Qa5 Rd7 36. Rbd1 Qc6 37. Rxd5 Rxd5 38. Rxd5 Qxd5 39. Qxb6+ Kh5 40. hxg5 hxg5 41. Qc7 Nd3 42. Qh7+ Kg4 43. Kh2 Nxe1 44. Qh3+ Kf3 45. Kg1 g4 46. Qh6 Qd1 47. Qf4+ Ke2 0-1

[Event "CAN-op"]
[Site "Sackville CAN"]
[Date "2001.07.14"]
[Round "9"]
[White "Davidson, Brian"]
[Black "Vukovic, Vladimir2"]
[Result "1/2-1/2"]
[WhiteElo "1806"]
[BlackElo "1581"]
[PlyCount "52"]
[GameId "2160767911564314"]
[EventDate "2001.07.07"]
[EventType "swiss"]
[EventRounds "10"]
[EventCountry "CAN"]

1. d4 d5 2. Bg5 Nf6 3. Nf3 e6 4. e3 Be7 5. Nbd2 Nc6 6. Bb5 a6 7. Bxc6+ bxc6 8. Rc1 O-O 9. O-O h6 10. Bh4 Nh7 11. Bxe7 Qxe7 12. Ne5 Bd7 13. c4 f6 14. Ng6 Qf7 15. Nxf8 Rxf8 16. cxd5 cxd5 17. Rxc7 Qe8 18. Qg4 f5 19. Qg3 Nf6 20. f3 Qb8 21. Nb3 f4 22. Qxf4 Ne8 23. Qxf8+ Kxf8 24. Rxd7 Nf6 25. Nc5 Qxb2 26. Rb7 Qe2 1/2-1/2

[Event "CAN-op"]
[Site "Sackville CAN"]
[Date "2001.07.14"]
[Round "9"]
[White "Davies, Lucas"]
[Black "Hathaway, John"]
[Result "1/2-1/2"]
[WhiteElo "1905"]
[BlackElo "2129"]
[PlyCount "88"]
[GameId "2160767911564315"]
[EventDate "2001.07.07"]
[EventType "swiss"]
[EventRounds "10"]
[EventCountry "CAN"]
[SourceTitle "EXT 2006"]
[Source "ChessBase"]
[SourceDate "2005.11.24"]
[SourceVersion "1"]
[SourceVersionDate "2005.11.24"]
[SourceQuality "1"]

1. e4 e6 2. d3 d5 3. Nd2 c5 4. g3 Nc6 5. Bg2 d4 6. f4 Bd6 7. Ngf3 Nge7 8. O-O f6 9. Qe2 e5 10. f5 b6 11. Nh4 Kd7 12. g4 Ba6 13. Nhf3 h6 14. b3 Qc7 15. a4 Nb4 16. Nc4 Bxc4 17. bxc4 Rab8 18. Ba3 Nec6 19. Rfb1 Be7 20. Qd1 Qd6 21. Nd2 Na5 22. Bxb4 cxb4 23. Nb3 Nc6 24. Nd2 Qc7 25. Rb2 Qd8 26. h4 Qe8 27. h5 Qf7 28. Nb3 Rhc8 29. Rba2 Kd8 30. Bf3 a6 31. Qb1 Qe8 32. Bd1 Qd7 33. Nd2 Rc7 34. Kf1 Qc8 35. Ke1 Qd7 36. Kf2 Na7 37. Qb3 Bc5 38. Ke1 Nc8 39. Kf1 Nd6 40. Ke1 Qc6 41. Kf1 Nb7 42. Ke1 Be7 43. Qb1 Nc5 44. Nb3 a5 1/2-1/2

[Event "CAN-op"]
[Site "Sackville CAN"]
[Date "2001.07.14"]
[Round "9"]
[White "Faust, Steven"]
[Black "Bowerman, Robert"]
[Result "1/2-1/2"]
[WhiteElo "1839"]
[BlackElo "2072"]
[PlyCount "80"]
[GameId "2160767911564316"]
[EventDate "2001.07.07"]
[EventType "swiss"]
[EventRounds "10"]
[EventCountry "CAN"]
[SourceTitle "EXT 2006"]
[Source "ChessBase"]
[SourceDate "2005.11.24"]
[SourceVersion "1"]
[SourceVersionDate "2005.11.24"]
[SourceQuality "1"]

1. d4 Nf6 2. c4 e6 3. Nc3 Bb4 4. e3 O-O 5. Bd3 b6 6. Nge2 d5 7. O-O c5 8. a3 cxd4 9. exd4 Be7 10. cxd5 exd5 11. Ng3 Ba6 12. Bxa6 Nxa6 13. Re1 Nc7 14. Nf5 Ne6 15. Qf3 Re8 16. Qg3 g6 17. Nxe7+ Rxe7 18. Qe5 Rd7 19. h3 Kg7 20. g3 Qb8 21. Bh6+ Kxh6 22. Qxf6 Qd8 23. Qe5 Qg5 24. h4 Qxe5 25. dxe5 Rad8 26. Nb5 a6 27. Nd6 Nd4 28. Red1 Nf3+ 29. Kg2 Nxe5 30. Rxd5 Rxd6 31. Rxe5 Rd2 32. Re7 Kg7 33. b4 a5 34. bxa5 bxa5 35. Ra7 R8d5 36. a4 h5 37. Ra3 Rf5 38. Rf3 Rdd5 39. Rxf5 gxf5 40. Kf3 Kf6 1/2-1/2

[Event "CAN-op"]
[Site "Sackville CAN"]
[Date "2001.07.14"]
[Round "9"]
[White "Fleury, Bruce"]
[Black "Lavergne, Daniel"]
[Result "0-1"]
[WhiteElo "1669"]
[BlackElo "1808"]
[PlyCount "64"]
[GameId "2160767911564317"]
[EventDate "2001.07.07"]
[EventType "swiss"]
[EventRounds "10"]
[EventCountry "CAN"]
[SourceTitle "EXT 2006"]
[Source "ChessBase"]
[SourceDate "2005.11.24"]
[SourceVersion "1"]
[SourceVersionDate "2005.11.24"]
[SourceQuality "1"]

1. e4 d5 2. exd5 Nf6 3. h3 Nxd5 4. Nf3 Bf5 5. Bc4 e6 6. O-O Nb6 7. Bb3 Nc6 8. a3 Qf6 9. d4 h6 10. Nc3 g5 11. Re1 O-O-O 12. Ne4 Qg6 13. Ng3 Bd6 14. Nxf5 Qxf5 15. c3 Nd5 16. Bc2 Qf6 17. Be4 Rhg8 18. Qc2 g4 19. hxg4 Rxg4 20. Kf1 Rdg8 21. Ng1 Qh4 22. Qd3 Bf4 23. Bf3 R4g7 24. Nh3 Bxc1 25. Raxc1 Qxh3 26. gxh3 Nf4 27. Bg4 Nxd3 28. d5 Nce5 29. dxe6 Nxg4 30. hxg4 Nxe1 31. exf7 Rxf7 32. Rxe1 Rxg4 0-1

[Event "CAN-op"]
[Site "Sackville CAN"]
[Date "2001.07.14"]
[Round "9"]
[White "Gaspariants, Vladimir"]
[Black "Wang, Hao Yuan"]
[Result "1-0"]
[WhiteElo "2305"]
[BlackElo "2145"]
[PlyCount "53"]
[GameId "2160767911564318"]
[EventDate "2001.07.07"]
[EventType "swiss"]
[EventRounds "10"]
[EventCountry "CAN"]

1. Nf3 Nf6 2. g3 b6 3. Bg2 Bb7 4. O-O e6 5. d3 d5 6. Nbd2 Be7 7. e4 c5 8. Re1 Nc6 9. c3 Qc7 10. exd5 Nxd5 11. Ne4 O-O 12. Qe2 Rad8 13. Bd2 Rfe8 14. a3 h6 15. Bc1 Qc8 16. Bh3 Qa8 17. b4 f5 18. b5 Na5 19. Ne5 Nf6 20. Nxf6+ Bxf6 21. Qh5 Bxe5 22. Rxe5 Rd5 23. Rxd5 Bxd5 24. Qg6 Kh8 25. c4 Nxc4 26. dxc4 Bxc4 27. Bb2 1-0

[Event "CAN-op"]
[Site "Sackville CAN"]
[Date "2001.07.14"]
[Round "9"]
[White "Gilks, James"]
[Black "Erickson, John"]
[Result "0-1"]
[WhiteElo "1691"]
[BlackElo "1807"]
[PlyCount "92"]
[GameId "2160767911564319"]
[EventDate "2001.07.07"]
[EventType "swiss"]
[EventRounds "10"]
[EventCountry "CAN"]
[SourceTitle "EXT 2006"]
[Source "ChessBase"]
[SourceDate "2005.11.24"]
[SourceVersion "1"]
[SourceVersionDate "2005.11.24"]
[SourceQuality "1"]

1. d4 g6 2. c4 d6 3. Nc3 Nf6 4. e4 Bg7 5. Nf3 O-O 6. Be2 Bg4 7. Qb3 Nc6 8. Be3 Qc8 9. O-O Nd7 10. Rfd1 a6 11. h3 Bxf3 12. Bxf3 e5 13. dxe5 Ndxe5 14. Be2 b6 15. Qc2 Nb4 16. Qd2 Nbc6 17. f4 Nd7 18. Bf3 Rb8 19. b3 b5 20. cxb5 axb5 21. Rac1 Rd8 22. e5 Qa6 23. Bxc6 Qxc6 24. Nd5 Qa8 25. Nxc7 Qe4 26. exd6 Nf8 27. Rc5 Rb6 28. Nxb5 Rc6 29. Rxc6 Qxc6 30. Qd3 Bb2 31. Bd4 Bxd4+ 32. Nxd4 Qxd6 33. Qb1 Qb6 34. Kh2 Rxd4 35. Rxd4 Qxd4 36. g3 Qf2+ 37. Kh1 Qxg3 38. Qf1 Ne6 39. a4 Qxb3 40. Qb5 Qxb5 41. axb5 Kf8 42. Kg2 Nxf4+ 43. Kf3 Ne6 44. Ke4 Ke7 45. b6 Kd6 46. b7 Nc5+ 0-1

[Event "CAN-op"]
[Site "Sackville CAN"]
[Date "2001.07.14"]
[Round "9"]
[White "Gillanders, Robert"]
[Black "Fairbairn, Stephen"]
[Result "1/2-1/2"]
[WhiteElo "1813"]
[BlackElo "2028"]
[PlyCount "65"]
[GameId "2160767911564320"]
[EventDate "2001.07.07"]
[EventType "swiss"]
[EventRounds "10"]
[EventCountry "CAN"]
[SourceTitle "EXT 2006"]
[Source "ChessBase"]
[SourceDate "2005.11.24"]
[SourceVersion "1"]
[SourceVersionDate "2005.11.24"]
[SourceQuality "1"]

1. d4 Nf6 2. c4 g6 3. Nc3 d5 4. cxd5 Nxd5 5. e4 Nxc3 6. bxc3 Bg7 7. Bc4 c5 8. Be3 O-O 9. Ne2 Nc6 10. O-O Bg4 11. f3 Na5 12. Bd3 cxd4 13. cxd4 Be6 14. Qd2 Nc4 15. Bxc4 Bxc4 16. Rfd1 Bxe2 17. Qxe2 Rc8 18. Qd2 e6 19. Rac1 Qd7 20. g3 Rfd8 21. Rxc8 Rxc8 22. d5 exd5 23. Qxd5 Qxd5 24. Rxd5 h5 25. Rd7 Rc3 26. Bxa7 Ra3 27. Bc5 Rxa2 28. Rxb7 Rc2 29. Be3 Rc3 30. Kf2 Rc2+ 31. Kg1 Rc3 32. Kf2 Rc2+ 33. Kg1 1/2-1/2

[Event "CAN-op"]
[Site "Sackville CAN"]
[Date "2001.07.14"]
[Round "9"]
[White "Goldenberg, Danny"]
[Black "Ochkoos, Jura"]
[Result "1/2-1/2"]
[WhiteElo "2343"]
[BlackElo "2285"]
[PlyCount "20"]
[GameId "2160767911564321"]
[EventDate "2001.07.07"]
[EventType "swiss"]
[EventRounds "10"]
[EventCountry "CAN"]
[SourceTitle "EXT 2002"]
[Source "ChessBase"]
[SourceDate "2001.11.25"]
[SourceVersion "1"]
[SourceVersionDate "2001.11.25"]
[SourceQuality "1"]

1. e4 e5 2. Nf3 Nc6 3. Bc4 Nf6 4. d3 Be7 5. O-O O-O 6. Re1 d6 7. c3 a6 8. a4 h6 9. Nbd2 Nh7 10. Nf1 Bf6 1/2-1/2

[Event "CAN-op"]
[Site "Sackville CAN"]
[Date "2001.07.14"]
[Round "9"]
[White "Gregorz, Ralph"]
[Black "Yee, Lorne"]
[Result "0-1"]
[WhiteElo "2050"]
[BlackElo "2230"]
[PlyCount "218"]
[GameId "2160767911564322"]
[EventDate "2001.07.07"]
[EventType "swiss"]
[EventRounds "10"]
[EventCountry "CAN"]

1. c4 e6 2. Nf3 d5 3. g3 Nf6 4. Bg2 c6 5. Qc2 Be7 6. d4 O-O 7. O-O Nbd7 8. Rd1 b6 9. a4 Ba6 10. b3 Rc8 11. a5 b5 12. c5 Ne4 13. b4 f5 14. Ne1 Qe8 15. f3 Nef6 16. Bg5 Qh5 17. Bxf6 Bxf6 18. f4 Rc7 19. Nf3 Bc8 20. e3 a6 21. Nbd2 Nb8 22. Nb3 Bd7 23. Nc1 Be8 24. Nd3 Qh6 25. Kf2 Bh5 26. Rh1 Bxf3 27. Bxf3 g5 28. Ne5 Nd7 29. Rad1 Bd8 30. Nxd7 Rxd7 31. Rd3 Rg7 32. Rdd1 Bf6 33. Qe2 Kf7 34. Ke1 Ke7 35. Qf2 Kd7 36. Kd2 Rfg8 37. Kc2 Bd8 38. Kb3 Qg6 39. Qe2 Rh8 40. Bh5 Qf6 41. Bf3 h5 42. Bxh5 g4 43. Bxg4 Rxg4 44. Rhf1 Rg7 45. Rf2 Qg6 46. Rd2 Qg4 47. Rg2 Qg6 48. Qf2 Rh3 49. Kb2 Qh5 50. Qe2 Rg4 51. Qf2 Bc7 52. Qf3 Qh8 53. Rgf2 Bd8 54. Qe2 Be7 55. Kb3 Bf6 56. Ka2 Bd8 57. Kb3 Kc8 58. Ra2 Kb7 59. Rd2 Bc7 60. Ka3 Qg7 61. Qf1 Rh8 62. Qd3 Qf6 63. Ka2 Rg7 64. Qc2 Qg6 65. Qd3 Rgh7 66. Qc2 Qe8 67. Kb3 Qh5 68. Qd3 Kc8 69. Ka2 Kd7 70. Kb3 Qe8 71. Qc2 Rh3 72. Qd3 Ke7 73. Ka3 Qd8 74. Qc3 Kf7 75. Kb3 Rg8 76. Rde2 Rg4 77. Ra2 Qb8 78. Qd3 Bxf4 79. exf4 Rxf4 80. Qf1 Rxf2 81. Qxf2 Qh8 82. Re2 Qh6 83. Kc2 Qg5 84. Qg2 Qg4 85. Qf2 Rh6 86. Qe3 Qe4+ 87. Kd2 Rg6 88. Qg1 Qg4 89. Qe3 Qe4 90. Qg1 Qf3 91. Re3 Qg4 92. Re2 f4 93. Qf2 Rf6 94. Re5 fxg3 95. Qxg3 Qxd4+ 96. Ke2 Qc4+ 97. Kd1 Qd4+ 98. Ke2 Qb2+ 99. Ke1 Qc1+ 100. Ke2 Qb2+ 101. Ke1 Qxb4+ 102. Ke2 Qb2+ 103. Ke1 Qc1+ 104. Ke2 Rf1 105. Rg5 Qd1+ 106. Ke3 d4+ 107. Ke4 Re1+ 108. Kf4 Qc1+ 109. Kg4 Rg1 0-1

[Event "CAN-op"]
[Site "Sackville CAN"]
[Date "2001.07.14"]
[Round "9"]
[White "Haley, Phil"]
[Black "MacFie, Bob"]
[Result "1-0"]
[WhiteElo "1883"]
[BlackElo "1657"]
[PlyCount "35"]
[GameId "2160767911564323"]
[EventDate "2001.07.07"]
[EventType "swiss"]
[EventRounds "10"]
[EventCountry "CAN"]
[SourceTitle "EXT 2006"]
[Source "ChessBase"]
[SourceDate "2005.11.24"]
[SourceVersion "1"]
[SourceVersionDate "2005.11.24"]
[SourceQuality "1"]

1. d4 d6 2. Nf3 c6 3. Bf4 f5 4. c4 Nf6 5. Nc3 g6 6. e3 Bg7 7. Be2 O-O 8. O-O Qe8 9. h3 a5 10. Rc1 Na6 11. Bh2 Bd7 12. Re1 Ne4 13. Nxe4 fxe4 14. Nd2 d5 15. a3 Qf7 16. Rf1 Bh6 17. c5 Nc7 18. Bxc7 1-0

[Event "CAN-op"]
[Site "Sackville CAN"]
[Date "2001.07.14"]
[Round "9"]
[White "Jew, Harold"]
[Black "Smith, Maurice"]
[Result "1-0"]
[WhiteElo "1843"]
[BlackElo "1678"]
[PlyCount "117"]
[GameId "2160767911564325"]
[EventDate "2001.07.07"]
[EventType "swiss"]
[EventRounds "10"]
[EventCountry "CAN"]
[SourceTitle "EXT 2006"]
[Source "ChessBase"]
[SourceDate "2005.11.24"]
[SourceVersion "1"]
[SourceVersionDate "2005.11.24"]
[SourceQuality "1"]

1. b4 d5 2. Bb2 Nf6 3. e3 Bf5 4. Bxf6 gxf6 5. c4 e6 6. a3 c6 7. d4 Nd7 8. Bd3 Bxd3 9. Qxd3 dxc4 10. Qxc4 Nb6 11. Qc2 Nd5 12. Nf3 Bd6 13. Nbd2 f5 14. Rc1 a6 15. g3 h6 16. O-O Qc7 17. e4 fxe4 18. Nxe4 Be7 19. Rfd1 Rg8 20. Rd3 f5 21. Nc3 Nxc3 22. Rxc3 Bg5 23. Re1 Qd6 24. Qxf5 Kd7 25. Ne5+ Kc7 26. Qf7+ Qe7 27. Qxe7+ Bxe7 28. Nf7 Rg6 29. d5 Rf8 30. dxe6 Re8 31. Rce3 Rf6 32. Kg2 Bf8 33. h3 Bg7 34. f4 Bf8 35. Kf3 c5 36. Re4 b5 37. bxc5 Bxc5 38. a4 Kb6 39. Ne5 Kc7 40. Nd7 Rf5 41. g4 Rd5 42. Nxc5 Rxc5 43. axb5 axb5 44. f5 Rc3+ 45. R1e3 Rc1 46. Rb4 Kc6 47. Reb3 Rc5 48. Kf4 Re7 49. h4 Rd5 50. Ke4 Rc5 51. Rxb5 Rxb5 52. Rxb5 Kxb5 53. Kd5 Rg7 54. f6 Rxg4 55. e7 Rg2 56. f7 Rd2+ 57. Ke6 Re2+ 58. Kf6 Rf2+ 59. Kg6 1-0

[Event "CAN-op"]
[Site "Sackville CAN"]
[Date "2001.07.14"]
[Round "9"]
[White "Lipnowski, Michael"]
[Black "Solis, Jaime"]
[Result "0-1"]
[WhiteElo "1767"]
[BlackElo "1970"]
[PlyCount "114"]
[GameId "2160767911564329"]
[EventDate "2001.07.07"]
[EventType "swiss"]
[EventRounds "10"]
[EventCountry "CAN"]
[SourceTitle "EXT 2006"]
[Source "ChessBase"]
[SourceDate "2005.11.24"]
[SourceVersion "1"]
[SourceVersionDate "2005.11.24"]
[SourceQuality "1"]

1. d4 Nf6 2. c4 g6 3. Nc3 Bg7 4. e4 d6 5. Nf3 O-O 6. Be2 e5 7. O-O Nc6 8. d5 Ne7 9. Ne1 Ne8 10. Be3 f5 11. f3 f4 12. Bf2 g5 13. a4 a5 14. c5 Kh8 15. cxd6 Nxd6 16. Nb5 Ne8 17. Rc1 c6 18. dxc6 Qxd1 19. Rxd1 Nxc6 20. Bc4 h5 21. Nd3 Kh7 22. Nc5 Kg6 23. Nd7 Bxd7 24. Rxd7 Rb8 25. Rfd1 Nf6 26. R7d6 Rh8 27. Bb6 Bf8 28. Re6 Bb4 29. Nc7 Rhf8 30. Nd5 Rbe8 31. Rxf6+ Rxf6 32. Nxf6 Kxf6 33. Rd7 Re7 34. Rd5 Rg7 35. Kf1 g4 36. Bc5 gxf3 37. gxf3 h4 38. Rd6+ Kg5 39. Bxb4 Nxb4 40. Re6 Nc2 41. Rxe5+ Kh6 42. Kf2 Ne3 43. Bf1 Rc7 44. Bh3 Rc2+ 45. Kg1 Rxb2 46. Rxa5 Rb1+ 47. Kf2 Rh1 48. Bc8 Rxh2+ 49. Ke1 h3 50. Bxh3 Rxh3 51. Kd2 Rh2+ 52. Ke1 Ra2 53. e5 Kg6 54. e6 Kf6 55. Re5 Ke7 56. Re4 b6 57. Rxf4 Ng2+ 0-1

[Event "CAN-op"]
[Site "Sackville CAN"]
[Date "2001.07.14"]
[Round "9"]
[White "MacDonald, Jonathan"]
[Black "Gurevich, Artjom"]
[Result "0-1"]
[WhiteElo "2045"]
[BlackElo "2197"]
[PlyCount "106"]
[GameId "2160767911564330"]
[EventDate "2001.07.07"]
[EventType "swiss"]
[EventRounds "10"]
[EventCountry "CAN"]
[SourceTitle "EXT 2002"]
[Source "ChessBase"]
[SourceDate "2001.11.25"]
[SourceVersion "1"]
[SourceVersionDate "2001.11.25"]
[SourceQuality "1"]

1. e4 c5 2. Nf3 e6 3. d4 cxd4 4. c3 dxc3 5. Nxc3 d6 6. Bc4 Be7 7. O-O Nf6 8. Qe2 a6 9. Rd1 b5 10. e5 bxc4 11. exf6 Bxf6 12. Bf4 Be7 13. Bxd6 Bb7 14. Ne4 O-O 15. Ne5 Bd5 16. Nxc4 Bxd6 17. Nexd6 Nd7 18. Ne3 Nf6 19. Ndc4 Qb8 20. b3 a5 21. Rab1 Qb5 22. f3 Rfb8 23. Qd3 h6 24. Rb2 Qa6 25. Rbd2 Rb4 26. Nb2 Qa7 27. Kh1 Qc7 28. Nec4 Qf4 29. Qe3 Qb8 30. Nd3 Rb5 31. Na3 Rb7 32. Nc2 a4 33. Nc5 axb3 34. axb3 Rb5 35. b4 Ra2 36. Qc3 Qf4 37. Nd4 Rxd2 38. Rxd2 Rxc5 39. bxc5 Ne4 40. Ne2 Qxd2 41. Qxd2 Nxd2 42. Nc1 Kf8 43. Kg1 Bc4 44. c6 Ke7 45. Kf2 Kd6 46. Ke3 Nb3 47. Na2 Kxc6 48. Kf4 Nd4 49. Nc3 Ne2+ 50. Nxe2 Bxe2 51. Ke5 Kd7 52. f4 f6+ 53. Ke4 Kd6 0-1

[Event "CAN-op"]
[Site "Sackville CAN"]
[Date "2001.07.14"]
[Round "9"]
[White "Martin, Steve"]
[Black "Angers, Gilles"]
[Result "1/2-1/2"]
[WhiteElo "1759"]
[BlackElo "2041"]
[PlyCount "48"]
[GameId "2160767911564331"]
[EventDate "2001.07.07"]
[EventType "swiss"]
[EventRounds "10"]
[EventCountry "CAN"]
[SourceTitle "EXT 2006"]
[Source "ChessBase"]
[SourceDate "2005.11.24"]
[SourceVersion "1"]
[SourceVersionDate "2005.11.24"]
[SourceQuality "1"]

1. d4 Nf6 2. c4 c5 3. d5 b5 4. g3 d6 5. Bg2 bxc4 6. Na3 g6 7. Nxc4 Bg7 8. e4 Bb7 9. Ne2 O-O 10. Nf4 Nfd7 11. Rb1 Ne5 12. b3 Ba6 13. Qc2 Nbd7 14. Nd3 Nxd3+ 15. Qxd3 Rb8 16. Qc2 Ne5 17. Nxe5 Bxe5 18. Bf1 Qb6 19. Bd2 Bxf1 20. Kxf1 f5 21. Kg2 Qb7 22. Rhe1 f4 23. f3 Rf7 24. g4 g5 1/2-1/2

[Event "CAN-op"]
[Site "Sackville CAN"]
[Date "2001.07.14"]
[Round "9"]
[White "Mayo, Alvah"]
[Black "Kenney, Jason"]
[Result "1-0"]
[WhiteElo "2212"]
[BlackElo "2033"]
[PlyCount "71"]
[GameId "2160767911564332"]
[EventDate "2001.07.07"]
[EventType "swiss"]
[EventRounds "10"]
[EventCountry "CAN"]
[SourceTitle "EXT 2006"]
[Source "ChessBase"]
[SourceDate "2005.11.24"]
[SourceVersion "1"]
[SourceVersionDate "2005.11.24"]
[SourceQuality "1"]

1. Nf3 c5 2. b3 Nc6 3. Bb2 Nf6 4. g3 d5 5. Bg2 d4 6. d3 e5 7. O-O Bd6 8. a4 h6 9. Nbd2 O-O 10. h3 Re8 11. Nc4 Qc7 12. Nfd2 Ne7 13. e4 Ng6 14. c3 Bf8 15. cxd4 cxd4 16. Rc1 Qb8 17. h4 Nh7 18. h5 Ne7 19. f4 f6 20. Ba3 Nc6 21. Bxf8 Nxf8 22. b4 Be6 23. b5 Nb4 24. Qb3 a5 25. bxa6 Nxa6 26. fxe5 fxe5 27. Qb5 Nd7 28. Nb6 Nxb6 29. Qxb6 Qa7 30. Qd6 Qb8 31. Qb6 Qa7 32. Qb5 Bf7 33. Rxf7 Kxf7 34. Qd5+ Ke7 35. Rf1 Qb8 36. Rf7# 1-0

[Event "CAN-op"]
[Site "Sackville CAN"]
[Date "2001.07.14"]
[Round "9"]
[White "Mazock, Michael"]
[Black "Marghetis, Aris"]
[Result "1-0"]
[WhiteElo "2212"]
[BlackElo "1941"]
[PlyCount "34"]
[GameId "2160767911564333"]
[EventDate "2001.07.07"]
[EventType "swiss"]
[EventRounds "10"]
[EventCountry "CAN"]
[SourceTitle "EXT 2006"]
[Source "ChessBase"]
[SourceDate "2005.11.24"]
[SourceVersion "1"]
[SourceVersionDate "2005.11.24"]
[SourceQuality "1"]

1. d4 Nf6 2. c4 g6 3. f3 Bg7 4. e4 d6 5. Bg5 c5 6. d5 Nxe4 7. fxe4 Bxb2 8. Nd2 Bxa1 9. Qxa1 f6 10. Be3 Qa5 11. Ngf3 Na6 12. Bd3 Nb4 13. Bb1 b5 14. O-O bxc4 15. Nxc4 Qb5 16. Qxf6 Rf8 17. Qxf8+ Kd7 1-0

[Event "CAN-op"]
[Site "Sackville CAN"]
[Date "2001.07.14"]
[Round "9"]
[White "Michaud, Gerald"]
[Black "Ramaswamy, Kiran"]
[Result "1-0"]
[WhiteElo "2075"]
[BlackElo "1875"]
[PlyCount "67"]
[GameId "2160767911564334"]
[EventDate "2001.07.07"]
[EventType "swiss"]
[EventRounds "10"]
[EventCountry "CAN"]

1. d4 d6 2. c4 e5 3. Nf3 e4 4. Ng5 f5 5. g3 Be7 6. h4 h6 7. Nh3 Nf6 8. Nc3 O-O 9. Qb3 Kh7 10. Bf4 c6 11. e3 d5 12. Ng5+ Kg8 13. cxd5 cxd5 14. Nxd5 Nxd5 15. Bc4 Qa5+ 16. Kf1 Rd8 17. Rc1 Na6 18. Qd1 Bxg5 19. hxg5 Be6 20. Be5 Nxe3+ 21. fxe3 Bxc4+ 22. Rxc4 Qxe5 23. gxh6 Qxg3 24. Qb3 Qf3+ 25. Kg1 Kh7 26. hxg7+ Kg6 27. Rc6+ bxc6 28. Qe6+ Kxg7 29. Qh6+ Kf7 30. Qh7+ Ke8 31. Qg8+ Kd7 32. Rh7+ Kd6 33. Qg6+ Kd5 34. Qf7+ 1-0